Republic of the Congo … or the Democratic Republic of the Congo? - Statistics

General Stats
  • This quiz has been taken 8 times
  • The average score is 9 of 15
Answer Stats
Question Answer % Correct
Which one is bigger? Democratic Republic of the Congo
100%
Which one has the most rivers? Democratic Republic of the Congo
100%
Which one has the most internet users? Democratic Republic of the Congo
86%
Which one has the most presidents? Democratic Republic of the Congo
71%
Which one is closer to New York at the United States of America? Republic of the Congo
71%
Which one has the least crime rate? Republic of the Congo
71%
Which one is the most obese? Republic of the Congo
71%
Which one has the most longest school time? Republic of the Congo
57%
Which one has the most longest school time? Republic of the Congo
57%
Which one has the most islands? Republic of the Congo
57%
Which one is closer to the moon? Republic of the Congo
43%
Which one has the most islands? Democratic Republic of the Congo
29%
Which one has the most JetPunk players in total? Republic of the Congo
29%
Which one has the longest life expectancy Democratic Republic of the Congo
14%
Which one has the most population? Republic of the Congo
0%
No matching quizzes found
Score Distribution
Percent of People with Each Score
Percentile by Number Answered
Your Score History
You have not taken this quiz